|
|
|
|
| LEADER |
03471nam a2200541 4500 |
| 001 |
978-3-030-13393-1 |
| 003 |
DE-He213 |
| 005 |
20191022033808.0 |
| 007 |
cr nn 008mamaa |
| 008 |
190311s2019 gw | s |||| 0|eng d |
| 020 |
|
|
|a 9783030133931
|9 978-3-030-13393-1
|
| 024 |
7 |
|
|a 10.1007/978-3-030-13393-1
|2 doi
|
| 040 |
|
|
|d GrThAP
|
| 050 |
|
4 |
|a Q342
|
| 072 |
|
7 |
|a UYQ
|2 bicssc
|
| 072 |
|
7 |
|a TEC009000
|2 bisacsh
|
| 072 |
|
7 |
|a UYQ
|2 thema
|
| 082 |
0 |
4 |
|a 006.3
|2 23
|
| 100 |
1 |
|
|a Cevallos-Torres, Lorenzo.
|e author.
|4 aut
|4 http://id.loc.gov/vocabulary/relators/aut
|
| 245 |
1 |
0 |
|a Problem-Based Learning: A Didactic Strategy in the Teaching of System Simulation
|h [electronic resource] /
|c by Lorenzo Cevallos-Torres, Miguel Botto-Tobar.
|
| 250 |
|
|
|a 1st ed. 2019.
|
| 264 |
|
1 |
|a Cham :
|b Springer International Publishing :
|b Imprint: Springer,
|c 2019.
|
| 300 |
|
|
|a XVI, 132 p. 43 illus., 22 illus. in color.
|b online resource.
|
| 336 |
|
|
|a text
|b txt
|2 rdacontent
|
| 337 |
|
|
|a computer
|b c
|2 rdamedia
|
| 338 |
|
|
|a online resource
|b cr
|2 rdacarrier
|
| 347 |
|
|
|a text file
|b PDF
|2 rda
|
| 490 |
1 |
|
|a Studies in Computational Intelligence,
|x 1860-949X ;
|v 824
|
| 505 |
0 |
|
|a The System Simulation and their Learning Processes -- Process Sampling -- Pseudo-random Numbers and Congruential Methods -- Random Variable Generation Methods -- Monte Carlo Simulation Method -- Case Study: Logistical Behavior in the use of Urban Transport Using the Monte Carlo Simulation Method -- Case Study: Project-Based Learning to Evaluate Probability Distributions in Medical Area -- Case Study: Probabilistic Estimates in the Application of Inventory Models for Perishable Products in SMEs.
|
| 520 |
|
|
|a This book describes and outlines the theoretical foundations of system simulation in teaching, and as a practical contribution to teaching-and-learning models. It presents various methodologies used in teaching, the goal being to solve real-life problems by creating simulation models and probability distributions that allow correlations to be drawn between a real model and a simulated model. Moreover, the book demonstrates the role of simulation in decision-making processes connected to teaching and learning.
|
| 650 |
|
0 |
|a Computational intelligence.
|
| 650 |
|
0 |
|a Artificial intelligence.
|
| 650 |
|
0 |
|a Educational technology.
|
| 650 |
|
0 |
|a Mathematical statistics.
|
| 650 |
1 |
4 |
|a Computational Intelligence.
|0 http://scigraph.springernature.com/things/product-market-codes/T11014
|
| 650 |
2 |
4 |
|a Artificial Intelligence.
|0 http://scigraph.springernature.com/things/product-market-codes/I21000
|
| 650 |
2 |
4 |
|a Technology and Digital Education.
|0 http://scigraph.springernature.com/things/product-market-codes/O47000
|
| 650 |
2 |
4 |
|a Probability and Statistics in Computer Science.
|0 http://scigraph.springernature.com/things/product-market-codes/I17036
|
| 700 |
1 |
|
|a Botto-Tobar, Miguel.
|e author.
|0 (orcid)0000-0001-7494-5224
|1 https://orcid.org/0000-0001-7494-5224
|4 aut
|4 http://id.loc.gov/vocabulary/relators/aut
|
| 710 |
2 |
|
|a SpringerLink (Online service)
|
| 773 |
0 |
|
|t Springer eBooks
|
| 776 |
0 |
8 |
|i Printed edition:
|z 9783030133924
|
| 776 |
0 |
8 |
|i Printed edition:
|z 9783030133948
|
| 776 |
0 |
8 |
|i Printed edition:
|z 9783030133955
|
| 830 |
|
0 |
|a Studies in Computational Intelligence,
|x 1860-949X ;
|v 824
|
| 856 |
4 |
0 |
|u https://doi.org/10.1007/978-3-030-13393-1
|z Full Text via HEAL-Link
|
| 912 |
|
|
|a ZDB-2-INR
|
| 950 |
|
|
|a Intelligent Technologies and Robotics (Springer-42732)
|